000 00430nam a2200193Ia 4500
001 17329
003 GE_BSU
008 181216s||||||||xx |||||||||||||| ||und||
020 _a9789952345728
040 _cGE_BSU
080 _a821.512.162-3
100 _aAraz,Mammao
245 _aAzerbaycan Culture & Tourism
260 _aBaku
260 _c2010
541 _h20ლ.
653 _aAzerbaycan Culture & Tourism
942 _cBK
999 _c50387
_d50387